01303nam a2200193Ia 4500952011400000999001700114008004100131020001500172050002200187100003800209245008700247260002900334300001800363500008300381505052800464519006100992650004901053942000701102 00102lcc4070a11b11d2015-06-03l4oLB1028 B57 1989p11 011846r2020-01-29s2020-01-29t1w2015-06-03yLB c68129d68129120626s1989 mx 000 0 spa d a8432992283 aLB1028 bB57 1989 aBisquerra Alzina, Rafaéleautor aMétodos de investigación educativab: Guía práctica c/ Rafael, Bisquerra aEspañab: Ceacc, 1989 a316 páginas aIncluye: Indice general, Apéndice, Bibliografía, Indice de figuras, Indice aNaturaleza de la investigación científica Fases del método científico Elementos de teoría científica Clasificación de los métodos de investigación Estudio de las variables Métodos de muestreo Metodología de recogida de datos Estudios descriptivos Investigación experimental La investigación "ex post facto" La estadística en el análisis de datos Meta- análisis Metodología cualitativa Investigación- acción Las conclusiones y el informe de investigación  aMaterial Complementario/ bPedagogía /d(11 011846)  aEDUCACIÓNvINVESTIGACIÓNxMETODOLOGÍA. cLB